KOHA-Header-6

The Indus Saga and the making of Pakistan (Record no. 13648)

000 -LEADER
fixed length control field 00341nam a22001337a 4500
020 ## - INTERNATIONAL STANDARD BOOK NUMBER
ISBN 0 19 577829 4
082 ## - DEWEY DECIMAL CLASSIFICATION NUMBER
Classification number 954.91
Item number AHS
100 ## - MAIN ENTRY--AUTHOR NAME
Personal name Aitzaz Ahsan
245 ## - TITLE STATEMENT
Title The Indus Saga and the making of Pakistan
260 ## - PUBLICATION, DISTRIBUTION, ETC. (IMPRINT)
Place of publication Lahore
Name of publisher Nehr Ghar Publications
Year of publication 2003
300 ## - PHYSICAL DESCRIPTION
Number of Pages xiii, 413 pages
650 ## - SUBJECT ADDED ENTRY--TOPICAL TERM
Topical Term Pakistan, Indus Saga
942 ## - ADDED ENTRY ELEMENTS (KOHA)
Koha item type Books
Holdings
Withdrawn status Lost status Collection code Permanent Location Current Location Shelving location Date acquired Full call number Accession Number Koha item type
    Pakistan Studies / History MAJU MAJU Shelf No.A30 2023-01-05 954.91 AHS 10749 Books

Powered by Koha